[Event "Banja Luka"]
[Site "Banja Luka"]
[Date "1979.??.??"]
[Round "?"]
[White "Andersson, Ulf"]
[Black "Kurajica, Bojan"]
[Result "1-0"]
[WhiteElo "2560"]
[BlackElo "2515"]

1.c4 e6 2.Nf3 Nf6 3.d4 Bb4+ 4.Bd2 Qe7 5.g3 O-O 6.Bg2 d5 7.Qc2 Ne4 8.a3 Bxd2+
9.Nbxd2 Nxd2 10.Nxd2 Rd8 11.O-O a5 12.e3 c6 13.Qc3 a4 14.e4 Na6 15.exd5 cxd5
16.cxd5 exd5 17.Rac1 Be6 18.Qa5 Qd7 19.Rfe1 b5 20.Bf1 Rdb8 21.Nf3 f6 22.Qd2 Bf7
23.Re3 b4 24.Ne1 bxa3 25.bxa3 Nc7 26.Nd3 Na6 27.h4 Qd6 28.Nf4 Rb3 29.Rec3 Rxc3
30.Qxc3 Be8 31.Nxd5 Rd8 32.Ne3 g6 33.Qc4+  1-0

[Event "Banja Luka"]
[Site "Banja Luka"]
[Date "1979.??.??"]
[Round "?"]
[White "Andersson, Ulf"]
[Black "Marovic, Drazen"]
[Result "1-0"]
[WhiteElo "2560"]
[BlackElo "2470"]

1.c4 f5 2.Nc3 Nf6 3.g3 g6 4.Bg2 Bg7 5.d4 O-O 6.Nf3 d6 7.O-O c6 8.d5 e5 9.dxe6 Bxe6
10.Qd3 Na6 11.Bf4 d5 12.Ng5 Nc5 13.Qc2 d4 14.Na4 Nfd7 15.Rad1 Qe7 16.Nxc5 Nxc5
17.b4 Nd7 18.e3 dxe3 19.Rfe1 h6 20.Nxe6 Qxe6 21.Rxe3 Qf7 22.b5 Rac8 23.bxc6 bxc6
24.Red3 Ne5 25.Rd6 Rfe8 26.Bxe5 Bxe5 27.Rxc6 Kg7 28.Rxc8 Rxc8 29.Bd5 Qe7
30.Re1 Qd6 31.Qa4 Bd4 32.Re6 Qd8 33.Qa6 Bb6 34.Qa3 Rc7 35.Qb2+ Kh7 36.Qe5 Qh8
37.Qxh8+ Kxh8 38.Rxg6 Re7 39.Rxh6+ Kg7 40.Re6 Rxe6 41.Bxe6 Kf6 42.Bd7 Bc5
43.Kg2  1-0

[Event "Banja Luka"]
[Site "Banja Luka"]
[Date "1979.??.??"]
[Round "?"]
[White "Andersson, Ulf"]
[Black "Petrosian, Tigran V"]
[Result "1/2-1/2"]
[WhiteElo "2560"]
[BlackElo "2610"]

1.c4 Nf6 2.Nf3 c6 3.Nc3 d5 4.cxd5 cxd5 5.d4 Nc6 6.Bf4 Qb6 7.Na4 Qa5+ 8.Bd2 Qd8
9.e3 e6 10.Bd3 Bd6 11.Rc1 O-O 12.O-O Qe7 13.Nc3  1/2-1/2

[Event "Banja Luka"]
[Site "Banja Luka"]
[Date "1979.??.??"]
[Round "?"]
[White "Smejkal, Jan"]
[Black "Andersson, Ulf"]
[Result "1/2-1/2"]
[WhiteElo "2550"]
[BlackElo "2560"]

1.c4 Nf6 2.Nc3 c5 3.g3 e6 4.Nf3 b6 5.e4 Bb7 6.d3 Be7 7.Bg2 O-O 8.O-O Nc6
9.d4 cxd4 10.Nxd4 Nxd4 11.Qxd4 d6 12.b3 Qb8 13.Bb2 Rd8 14.Rae1 Bf8 15.Kh1 Bc6
16.f4 Nd7 17.f5 Ne5 18.fxe6 fxe6 19.Bh3 Re8 20.Nb5 Bxb5 21.cxb5 Qc7 22.Rc1 Qd7
23.a4 Rac8 24.Rxc8 Rxc8 25.Qd1 Nf7 26.Qg4 Re8 27.Rc1 g6 28.Qe2 Bg7 29.Ba3 Be5
30.Qc4 h5 31.Qc7 Qe7 32.Qxe7 Rxe7 33.Rc8+ Kg7 34.Bf1 Ng5 35.Bd3 Rf7 36.Bc1 Nh3
37.Kg2 Nf2 38.Bb1 Nd1 39.Bg5 Rf2+ 40.Kh3 Re2 41.Rc7+ Kg8 42.Rc2 Nf2+ 43.Kg2 Rxc2
44.Bxc2  1/2-1/2

[Event "Clarin"]
[Site "Buenos Aires"]
[Date "1979.??.??"]
[Round "1"]
[White "Larsen, Bent"]
[Black "Andersson, Ulf"]
[Result "1-0"]
[WhiteElo "2620"]
[BlackElo "2560"]

1.g3 d5 2.Bg2 Nf6 3.Nf3 g6 4.c4 c6 5.b3 Bg7 6.Bb2 O-O 7.O-O b6 8.d4 Bb7 9.Nbd2 Nbd7
10.Qb1 e6 11.Rc1 c5 12.cxd5 Bxd5 13.dxc5 Nxc5 14.Bd4 Qe7 15.Qb2 Rfc8 16.Rc2 Nce4
17.Rac1 Rxc2 18.Rxc2 Nxd2 19.Nxd2 Bxg2 20.Kxg2 Ne8 21.Bxg7 Nxg7 22.Qc3 Ne8
23.Nf3 Rd8 24.Ne5 Rd5 25.b4 a5 26.Ng4 h5 27.Ne3 Rb5 28.bxa5 bxa5 29.Qc6 Rb7
30.Nc4 Rc7 31.Qa4 Qd8 32.f3 Nf6 33.Qxa5 Nd5 34.Kf2 Qb8 35.Rb2 Qf8 36.Nd2 Qg7
37.Qa3 Qd4+ 38.e3 Ra7 39.Rb8+ Kh7 40.Rh8+ Kxh8  1-0

[Event "Clarin"]
[Site "Buenos Aires"]
[Date "1979.??.??"]
[Round "2"]
[White "Andersson, Ulf"]
[Black "Petrosian, Tigran V"]
[Result "1/2-1/2"]
[WhiteElo "2560"]
[BlackElo "2610"]

1.Nf3 Nf6 2.d4 d5 3.c4 dxc4 4.e3 e6 5.Bxc4 c5 6.O-O a6 7.a3 cxd4 8.Nxd4 Bd6
9.Nf3 O-O 10.Qe2 Nc6 11.e4 Qc7 12.h3 b5 13.Ba2 Ne5 14.Nc3 Bb7 15.Bg5 Nxf3+
16.Qxf3 Be5 17.Rac1 Qe7 18.Bb1 Rfc8 19.Bf4 Bxf4  1/2-1/2

[Event "Clarin"]
[Site "Buenos Aires"]
[Date "1979.??.??"]
[Round "5"]
[White "Lombardy, William James"]
[Black "Andersson, Ulf"]
[Result "1/2-1/2"]
[WhiteElo "2520"]
[BlackElo "2560"]

1.e4 c5 2.Nc3 Nc6 3.f4 e6 4.Nf3 Nge7 5.d3 d6 6.Be3 a6 7.Qd2 Qc7 8.g3 Bd7
9.Bg2 g6 10.O-O Bg7 11.Qf2 O-O 12.g4 f5 13.h3 Rae8 14.Kh1 b5 15.a3 Nd8 16.gxf5  1/2-1/2

[Event "Clarin"]
[Site "Buenos Aires"]
[Date "1979.??.??"]
[Round "10"]
[White "Najdorf, Miguel"]
[Black "Andersson, Ulf"]
[Result "1/2-1/2"]
[WhiteElo "2515"]
[BlackElo "2560"]

1.d4 Nf6 2.c4 e6 3.Nf3 b6 4.e3 Bb7 5.Bd3 c5 6.O-O Be7 7.b3 O-O 8.Bb2 cxd4
9.exd4 d5 10.Qe2 Nbd7 11.Nc3 Re8 12.Rad1 Rc8 13.Ne5 Nf8 14.Kh1 Ng6 15.f4 Nh4
16.Rf2 Nf5 17.Bb1 Bb4 18.Na4 Bf8 19.Nc3 Bb4 20.Na4 Bf8  1/2-1/2

[Event "Clarin"]
[Site "Buenos Aires"]
[Date "1979.??.??"]
[Round "12"]
[White "Quinteros, Miguel A"]
[Black "Andersson, Ulf"]
[Result "0-1"]
[WhiteElo "2545"]
[BlackElo "2560"]

1.d4 Nf6 2.c4 e6 3.g3 d5 4.Bg2 dxc4 5.Qa4+ Nbd7 6.Nd2 Be7 7.Ngf3 O-O 8.Nxc4 c5
9.O-O a6 10.Qc2 Nd5 11.a3 b5 12.Nce5 Nxe5 13.Nxe5 Qc7 14.e4 Nf6 15.b4 c4
16.Bb2 Bb7 17.f4 Rad8 18.Bc3 Nd7 19.Nxd7 Rxd7 20.Rad1 Qb6 21.g4 Rfd8 22.g5 Qa7
23.Qf2 Bf8 24.h4 a5 25.Qe3 axb4 26.axb4 g6 27.Rd2 Bg7 28.Rfd1 h5 29.gxh6 Bxh6
30.Qg3 Kh7 31.Kh2 Qa8 32.Ra1 Qb8 33.Rf1 f5 34.e5 Bxg2 35.Qxg2 Qa8 36.Ra2 Ra7
37.Rxa7+ Qxa7 38.Qc6 Qd7 39.Qf3 Rh8 40.Ra1 Bf8 41.Qa8 Bc5 42.Qa6 Qe7 43.Kg2 Bxb4
44.Qb6 Kh6 45.Ra7 Qxh4 46.Bxb4 Qg4+ 47.Kf2 Qxf4+ 48.Ke1 Kg5  0-1

[Event "Clarin"]
[Site "Buenos Aires"]
[Date "1979.??.??"]
[Round "13"]
[White "Andersson, Ulf"]
[Black "Rubinetti, Jorge A"]
[Result "1-0"]
[WhiteElo "2560"]
[BlackElo "2430"]

1.c4 e5 2.Nc3 Nf6 3.Nf3 Nc6 4.g3 d5 5.cxd5 Nxd5 6.Bg2 Nde7 7.O-O Nf5 8.b4 a6
9.Rb1 f6 10.a3 Be7 11.Bb2 O-O 12.Qb3+ Kh8 13.e3 Nd6 14.d4 exd4 15.exd4 Bg4
16.Na4 Ne4 17.Qd3 f5 18.d5 Bf6 19.Rfd1 Ne7 20.Nc5 Qc8 21.h3 Bh5 22.Ne6 Re8
23.Bxf6 Nxf6 24.Nf4 Bf7 25.Ne5 Bg8 26.d6 Rd8 27.d7 Qb8 28.Qd4 c6 29.Qc5 Ned5
30.Bxd5 Bxd5 31.Nxd5 Qxe5 32.Nxf6 Qxf6 33.Rd6 Qf7 34.Rbd1 h6 35.a4 Kh7 36.a5 Kg8
37.Kh2 Kh7 38.Qe5 Kg8 39.Re6 Kf8 40.Qd6+ Kg8 41.Re7  1-0

[Event "Hastings7980"]
[Site "Hastings"]
[Date "1979.??.??"]
[Round "2"]
[White "Andersson, Ulf"]
[Black "Lein, Anatoly"]
[Result "1/2-1/2"]
[WhiteElo "2560"]
[BlackElo "2535"]

1.Nf3 c5 2.c4 Nc6 3.d4 cxd4 4.Nxd4 e6 5.e3 Nf6 6.Be2 Bb4+ 7.Bd2 Be7 8.Nc3 O-O
9.O-O d6 10.Nf3 b6 11.a3 Bb7 12.b4 Qb8 13.Qb3 Rd8 14.Rfd1 Bf8 15.h3 Ne7  1/2-1/2

[Event "Hastings7980"]
[Site "Hastings"]
[Date "1979.??.??"]
[Round "3"]
[White "Raicevic, Vladimir"]
[Black "Andersson, Ulf"]
[Result "0-1"]
[WhiteElo "2440"]
[BlackElo "2560"]

1.e4 c5 2.Nc3 d6 3.d3 Nc6 4.g3 g6 5.Bg2 Bg7 6.Be3 Rb8 7.Nge2 b5 8.Qd2 Nd4
9.h3 Qa5 10.f4 b4 11.Nd1 e6 12.O-O Ne7 13.g4 f5 14.a3 fxe4 15.Bxe4 O-O 16.Bxd4 cxd4
17.Nf2 a6 18.Bg2 Qb6 19.axb4 Qxb4 20.Qxb4 Rxb4 21.Ra2 Rd8 22.c3 dxc3 23.bxc3 Rb6
24.d4 Bd7 25.Re1 Rc8 26.Rea1 Bb5 27.Rb2 Nd5 28.Bxd5 exd5 29.Nd1 Rb7 30.Kf2 Re7
31.Ng3 Rxc3 32.Nxc3 Bxd4+ 33.Kf3 Re3+ 34.Kg2 Bxc3 35.Rab1 Bxb2 36.Rxb2 d4
37.Rb4 Bc6+ 38.Kh2 d3 39.Rb2 a5 40.Ra2 a4  0-1

[Event "Hastings7980"]
[Site "Hastings"]
[Date "1979.??.??"]
[Round "4"]
[White "Andersson, Ulf"]
[Black "Mestel, A Jonathan"]
[Result "1-0"]
[WhiteElo "2560"]
[BlackElo "2475"]

1.Nf3 d5 2.d4 e6 3.g3 Nf6 4.Bg2 Be7 5.O-O O-O 6.c4 Nbd7 7.Qc2 c6 8.Bf4 Nh5
9.Bd2 f5 10.a3 a5 11.Nc3 Bd6 12.Na2 Ndf6 13.Nc1 Ne4 14.Be1 g5 15.Nd3 Bd7
16.Nfe5 Be8 17.b4 a4 18.f3 Nef6 19.Nc5 Qe7 20.Bd2 f4 21.g4 Ng7 22.e3 dxc4
23.exf4 gxf4 24.Qxc4 Nd5 25.Rae1 Kh8 26.Rf2 Bf7 27.Bf1 Bg8 28.Qc1 Rad8 29.Ncd3 Bb8
30.Re4 Ba7 31.Kg2 Ne8 32.Nxf4 Nxf4+ 33.Rxf4 Rxf4 34.Bxf4 Bxd4 35.Rd2 Nf6
36.Nc4 c5 37.bxc5 Kg7 38.Bd6  1-0

[Event "Hastings7980"]
[Site "Hastings"]
[Date "1979.??.??"]
[Round "5"]
[White "Christiansen, Larry Mark"]
[Black "Andersson, Ulf"]
[Result "0-1"]
[WhiteElo "2475"]
[BlackElo "2560"]

1.c4 c5 2.Nf3 Nf6 3.Nc3 e6 4.g3 b6 5.Bg2 Bb7 6.O-O Nc6 7.e4 d6 8.d4 cxd4
9.Nxd4 Nxd4 10.Qxd4 Be7 11.b3 O-O 12.Bb2 Qb8 13.h3 Rd8 14.Rad1 Bf8 15.Kh2 Nd7
16.f4 Bc6 17.b4 a6 18.a4 Qc7 19.Rc1 Bb7 20.Rfe1 Rac8 21.Bf1 Qb8 22.Qf2 a5
23.b5 Nc5 24.Rcd1 Be7 25.g4 h6 26.h4 Kh7 27.Bh3 Rc7 28.Re3 Rh8 29.Kg1 Qd8
30.e5 Rd7 31.g5 dxe5 32.Rxd7 Nxd7 33.Qc2+ g6 34.Rd3 Qc7 35.h5 Nc5 36.hxg6+ fxg6
37.Bxe6 Nxe6 38.Rh3 Qc5+ 39.Kh2 Nxf4 40.Rxh6+ Kg8  0-1

[Event "Hastings7980"]
[Site "Hastings"]
[Date "1979.??.??"]
[Round "7"]
[White "Liberzon, Vladimir M"]
[Black "Andersson, Ulf"]
[Result "1/2-1/2"]
[WhiteElo "2515"]
[BlackElo "2560"]

1.e4 c5 2.Nf3 d6 3.d4 cxd4 4.Nxd4 Nf6 5.Nc3 e6 6.g4 h6 7.g5 hxg5 8.Bxg5 Nc6
9.Qd2 Qb6 10.Nb3 a6 11.O-O-O Qc7 12.Bg2 Bd7 13.f4 Be7 14.h4 O-O-O 15.f5 Kb8
16.fxe6 fxe6 17.Ne2 Bc8 18.Nf4 d5 19.exd5 exd5 20.Ng6 Bb4 21.c3 Rhe8 22.Qc2 Bd6
23.Bxd5 Bg4 24.Bxf6 gxf6 25.Rd2 Ne7 26.Nxe7 Bf4 27.Ng6 Bxd2+ 28.Qxd2 Bf3
29.Bxf3 Rxd2 30.Nxd2 Qg3 31.h5 Rd8 32.Rf1 Qg5 33.Rd1 Qe3 34.Bg4 b5 35.Bf5 b4  1/2-1/2

[Event "Hastings7980"]
[Site "Hastings"]
[Date "1979.??.??"]
[Round "8"]
[White "Andersson, Ulf"]
[Black "Biyiasas, Peter"]
[Result "1-0"]
[WhiteElo "2560"]
[BlackElo "2485"]

1.Nf3 Nf6 2.c4 g6 3.Nc3 Bg7 4.e4 d6 5.d4 O-O 6.Be2 e5 7.dxe5 dxe5 8.Qxd8 Rxd8
9.Bg5 Re8 10.Nd5 Nxd5 11.cxd5 c6 12.Bc4 cxd5 13.Bxd5 Na6 14.Ke2 Nc7 15.Bb3 Be6
16.Rhd1 Bxb3 17.axb3 Ne6 18.Be3 Nd4+ 19.Bxd4 exd4 20.Kd3 Re6 21.Nd2 Bh6 22.Nc4 a6
23.Re1 Bf8 24.e5 Bc5 25.f4 Rc8 26.Re2 f6 27.Rc1 fxe5 28.Rxe5 Rec6 29.Nd2 Bf8
30.Rxc6 Rxc6 31.Rd5 Bg7 32.Rd8+ Bf8 33.Nc4 Rc7 34.Ne5 Kg7 35.Rxd4 Bc5 36.Rc4 a5
37.Ke4 b6 38.g4 Kf6 39.h4 Ke6 40.Rc3 Bd6 41.Rxc7 Bxc7 42.h5 gxh5 43.gxh5 b5
44.Nf3 Kf6 45.Ng5 h6 46.Nf3 a4 47.Nd4 axb3 48.Nxb3 Bb6 49.Nd4 Bxd4 50.Kxd4 Kf5
51.Ke3  1-0

[Event "Hastings7980"]
[Site "Hastings"]
[Date "1979.??.??"]
[Round "9"]
[White "Stean, Michael"]
[Black "Andersson, Ulf"]
[Result "1/2-1/2"]
[WhiteElo "2540"]
[BlackElo "2560"]

1.c4 c5 2.Nf3 Nf6 3.Nc3 e6 4.g3 b6 5.Bg2 Bb7 6.O-O Nc6 7.e4 d6 8.d4 cxd4
9.Nxd4 Rc8 10.b3 Be7 11.Bb2 a6 12.Nc2 O-O 13.Ne3 Qc7 14.Qe2 Qb8 15.Rad1 Na7
16.f4 b5 17.g4 Qa8 18.Qf3 bxc4 19.g5 Nd7 20.Nxc4 Qb8 21.Qg4 Ba8 22.Rd2 Nb6
23.Ne3 d5 24.exd5 Bc5 25.Qg3 Nxd5 26.Nxd5 Bxd5 27.Bxd5 Qb6 28.Rf3 exd5 29.Kg2 Bxe3
30.Rxe3 Nb5 31.Red3 Nd6 32.Qe3 Qxe3 33.Rxe3 Ne4 34.Rde2 f6 35.Rd3 fxg5 36.fxg5 Rf5
37.h4 Kf7 38.Rf3 Kg6 39.Rxf5 Kxf5 40.Kf3 g6 41.Rg2 a5 42.Ke3 a4 43.b4 a3
44.Bd4 Rb8 45.Bc5 Ke5 46.Rc2 Rb5 47.Kd3 Ke6 48.Rc1 Nxc5+ 49.bxc5 Kd7 50.Rf1 Kc6
51.Rf7 Rb2 52.Rxh7 Rxa2 53.Rg7 Kxc5 54.Rxg6 Rh2 55.Ra6 Rxh4 56.Kc2 Kb4 57.Ra8 Rh2+
58.Kb1 Rg2 59.Rg8 d4 60.g6 Kc3 61.Ka1 Kd3 62.Rg7 a2 63.Rg8 Kc3 64.Rg7 Kd3
65.Rg8 Kd2 66.Kxa2 d3 67.g7 Kc1+ 68.Kb3 d2 69.Rc8+ Kb1 70.Rd8 Rg3+ 71.Ka4 Kc2
72.Rc8+ Kb2 73.Rb8+  1/2-1/2

[Event "Hastings7980"]
[Site "Hastings"]
[Date "1979.??.??"]
[Round "10"]
[White "Giorgadze, Tamaz"]
[Black "Andersson, Ulf"]
[Result "1/2-1/2"]
[WhiteElo "2535"]
[BlackElo "2560"]

1.d4 Nf6 2.c4 e6 3.g3 d5 4.Nf3 dxc4 5.Qa4+ Nbd7 6.Qxc4 a6 7.Bg2 b5 8.Qb3 Bb7
9.a4 Bd5 10.Qd1 c5 11.O-O Be7  1/2-1/2

[Event "Hastings7980"]
[Site "Hastings"]
[Date "1979.??.??"]
[Round "11"]
[White "Andersson, Ulf"]
[Black "Bellin, Robert"]
[Result "1/2-1/2"]
[WhiteElo "2560"]
[BlackElo "2425"]

1.Nf3 e6 2.d4 f5 3.g3 Nf6 4.Bg2 Be7 5.O-O O-O 6.c4 c6 7.b3 a5 8.Nc3 d5 9.Qc2 Ne4
10.Bb2 Nd7 11.e3 Nd6 12.c5 Nf7 13.Na4 Bf6 14.Bc3 g5 15.Ne1 g4 16.f3 gxf3
17.Nxf3 Qe8 18.Nb2 Bd8 19.Nd3 Bc7 20.Nfe5 Nf6 21.Rf4 Qe7 22.Raf1 Bd7 23.Rh4 Ne4
24.Bb2 Be8 25.Kh1 Nh8 26.Bxe4 dxe4 27.Nf4 Bxe5 28.dxe5 Ng6 29.Rh3 Nxf4 30.gxf4 Rd8
31.Rg1+ Bg6 32.Bd4 Rf7 33.Qc3 Qc7 34.Rhg3 Kf8 35.Rg5 Rdd7 36.Qe1 Rg7 37.Qh4 Rde7
38.Qh6 Qd7 39.h4 Be8 40.Qf6+ Kg8 41.Kh2 Rxg5 42.Rxg5+ Rg7 43.a4 Rxg5 44.fxg5 Bh5
45.Kg3 Qe8 46.Bc3 Bd1 47.Bxa5 Bxb3 48.Kf2 Bc4 49.Bc7 Qh5  1/2-1/2

[Event "Hastings7980"]
[Site "Hastings"]
[Date "1979.??.??"]
[Round "13"]
[White "Andersson, Ulf"]
[Black "Makarichev, Sergey"]
[Result "1/2-1/2"]
[WhiteElo "2560"]
[BlackElo "2500"]

1.Nf3 Nf6 2.c4 b6 3.Nc3 Bb7 4.d4 e6 5.a3 d5 6.Bg5 Be7 7.cxd5 Nxd5 8.Bxe7 Qxe7
9.Qa4+ Qd7 10.Qc2 Nxc3 11.bxc3 Qd5 12.g3 c5 13.Bg2 cxd4 14.cxd4 Nc6 15.O-O O-O
16.Qb2 Na5 17.Nh4 Qd7 18.Bxb7 Qxb7 19.Nf3 Rac8 20.Rfc1 h6  1/2-1/2

[Event "Hastings7980"]
[Site "Hastings"]
[Date "1979.??.??"]
[Round "15"]
[White "Andersson, Ulf"]
[Black "Zilber, Israel"]
[Result "1-0"]
[WhiteElo "2560"]
[BlackElo "2410"]

1.c4 Nf6 2.Nf3 c5 3.g3 b6 4.Bg2 Bb7 5.O-O e6 6.Nc3 Be7 7.d4 Ne4 8.Qd3 Nxc3
9.Qxc3 Bf6 10.Qd3 Na6 11.Rd1 Nb4 12.Qb1 cxd4 13.Nxd4 Bxg2 14.Kxg2 O-O 15.b3 Qc7
16.Bb2 a6 17.Nf3 Bxb2 18.Qxb2 b5 19.Qd2 Qc5 20.a3 Nc6 21.cxb5 Qxb5 22.Qxd7 Rad8
23.Qc7 Rc8 24.Qd6 Qxb3 25.Rdc1 Qb7 26.Rab1 Qa8 27.Rb6 Ne7 28.Rcb1 Nf5 29.Qf4 Rcd8
30.Kg1 a5 31.Qa4 Nd6 32.Rc6 h6 33.Rc5 Qa6 34.Rb2 Rb8 35.Rc6 Qa8 36.Rxb8 Qxb8
37.Qxa5 Qb1+ 38.Kg2 Ne4 39.Qa4 Rd8 40.Rc4 Nd2 41.Nxd2 Rxd2 42.Qe8+ Kh7 43.Qxf7 Rxe2
44.Rg4 Qb2 45.Qf3 Qe5 46.Qd3+ Kg8 47.Rd4 Re1 48.h4 h5 49.a4 Qe2 50.Rd8+ Kf7
51.Rd7+ Kg8 52.Qxe2 Rxe2 53.Kf3 Ra2 54.Ra7 Kh7 55.Ra6 Kg8 56.Ra7 Kh7 57.Ra5 Kg6
58.Rg5+ Kf6 59.a5 e5 60.Rxh5 Rxa5 61.Rh8 Ra3+ 62.Kg4 Ra4+ 63.Kh5 Kf7 64.Rb8 Ra2
65.Rb7+ Kf6 66.g4 Rxf2 67.g5+ Ke6 68.Rxg7 e4 69.Rg8 Kf7 70.Rb8 e3 71.Rb3 e2
72.Re3 Rg2 73.Kh6 Rh2 74.h5 Rg2 75.g6+ Kf6 76.Re8 Rh2 77.g7  1-0

[Event "Munich"]
[Site "Munich"]
[Date "1979.??.??"]
[Round "?"]
[White "Unzicker, Wolfgang"]
[Black "Andersson, Ulf"]
[Result "0-1"]
[WhiteElo "2530"]
[BlackElo "2560"]

1.e4 c5 2.Nf3 d6 3.d4 cxd4 4.Nxd4 Nf6 5.Nc3 e6 6.Be2 Be7 7.O-O Nc6 8.Be3 O-O
9.f4 Qc7 10.Qe1 Nxd4 11.Bxd4 e5 12.fxe5 dxe5 13.Qg3 Bc5 14.Bxc5 Qxc5+ 15.Kh1 Kh8
16.Bd3 Be6 17.Qh4 Ng8 18.Be2 Rad8 19.Rad1 Rxd1 20.Rxd1 Qb4 21.Rb1 Rc8 22.Qg3 f6
23.Qe1 Ne7 24.Bd3 a6 25.a3 Qa5 26.Qe3 Nc6 27.Ne2 Qc7 28.Rd1 Rd8 29.h3 Rd6
30.Ng3 Qd7 31.Qe1 h6 32.Kh2 Nd4 33.Ne2 b5 34.Nxd4 Rxd4 35.Be2 Qc7 36.Bd3 Bc4
37.Qc3 Qd6 38.b3 Be6 39.Kh1 Qxa3 40.Qc6 Bg8 41.Qa8 Kh7 42.Qc8 Bf7 43.Rf1 Bg6
44.Qb7 Qd6 45.Ra1 Rxd3 46.cxd3 Qxd3 47.Qd5 Qe3 48.Rxa6 Bxe4 49.Qe6 h5 50.Ra2 Kh6
51.Kh2 Qf4+ 52.Kg1 Qc1+ 53.Kh2 Qf4+ 54.Kg1 Qc1+ 55.Kh2 Qe3 56.Qg8 Bc6 57.Rc2 Qf4+
58.Kg1 Qe4 59.Rf2 Qe1+ 60.Rf1 Qe3+ 61.Rf2 Be4 62.Qh8+ Bh7 63.Qf8 Bd3 64.Qb4 e4
65.Qc3 h4 66.b4 Kg6 67.Qa1 Kf7 68.Qd1 Ke7 69.Qa1 Ke6 70.Qb2 Bc4 71.Kh1 Qe1+
72.Kh2 e3  0-1

[Event "Munich"]
[Site "Munich"]
[Date "1979.??.??"]
[Round "?"]
[White "Balashov, Yuri S"]
[Black "Andersson, Ulf"]
[Result "1-0"]
[WhiteElo "2600"]
[BlackElo "2560"]

1.e4 c5 2.Nf3 d6 3.d4 cxd4 4.Nxd4 Nf6 5.Nc3 e6 6.Be3 Be7 7.f4 Nc6 8.Qf3 e5
9.Nxc6 bxc6 10.f5 Qa5 11.O-O-O Rb8 12.Bc4 d5 13.exd5 Rxb2 14.Kxb2 Qa3+ 15.Kb1 Qxc3
16.Bb3 cxd5 17.Bg5 Qc7 18.Bxf6 Bxf6 19.Ba4+ Kf8 20.Qxd5 h5 21.Rhf1 Kg8 22.Bb3 e4
23.Rf4 Kh7 24.Qxf7 Qxf7 25.Bxf7 Bb7 26.c3 Bg5 27.Rf2 e3 28.Re2 Rb8 29.Bb3 Ba6
30.Ree1 h4 31.Rd4 Bc8 32.Rb4 Bxf5+ 33.Bc2 Rf8 34.Re2 Kh6 35.Bxf5 Rxf5 36.Kc2 Rf1
37.Rb7 a5 38.Rb5 a4 39.Rb4 a3 40.Rg4 Rf2  1-0

[Event "Munich"]
[Site "Munich"]
[Date "1979.??.??"]
[Round "?"]
[White "Andersson, Ulf"]
[Black "Stean, Michael"]
[Result "1/2-1/2"]
[WhiteElo "2560"]
[BlackElo "2540"]

1.Nf3 g6 2.d4 Bg7 3.e4 d6 4.Be2 Nf6 5.Nc3 O-O 6.O-O c5 7.dxc5 dxc5 8.Be3 b6
9.Qxd8 Rxd8 10.Rfd1 Nc6 11.Rxd8+  1/2-1/2

[Event "Munich"]
[Site "Munich"]
[Date "1979.??.??"]
[Round "?"]
[White "Andersson, Ulf"]
[Black "Pfleger, Helmut"]
[Result "1-0"]
[WhiteElo "2560"]
[BlackElo "2545"]

1.c4 e6 2.Nf3 d5 3.d4 Nf6 4.Nc3 Be7 5.Bg5 O-O 6.e3 h6 7.Bh4 Ne4 8.Bxe7 Qxe7
9.Qc2 Nxc3 10.Qxc3 c6 11.Bd3 Nd7 12.O-O dxc4 13.Bxc4 b6 14.Rac1 Bb7 15.Rfd1 c5
16.Be2 Rac8 17.Qa3 a5 18.Nd2 Qf6 19.Bf3 Bxf3 20.Nxf3 cxd4 21.Rxc8 Rxc8 22.Qd6 Qd8
23.Nxd4 Nc5 24.Ne2 Qxd6 25.Rxd6 Na4 26.Rd2 Kf8 27.f3 Ke7 28.Kf2 Nc5 29.e4 Nd7
30.f4 g5 31.g3 gxf4 32.gxf4 Nf6 33.Kf3 Rc4 34.Nc3 b5 35.e5 Nh5 36.Ne2 b4
37.Ke3 Ng7 38.Kd3 Rc8 39.Nd4 Nh5 40.f5 exf5 41.Nxf5+ Ke6 42.Ke4 Rc4+ 43.Rd4 Rc6
44.Rd5 Ra6 45.Rd3  1-0

[Event "Munich"]
[Site "Munich"]
[Date "1979.??.??"]
[Round "?"]
[White "Andersson, Ulf"]
[Black "Huebner, Robert"]
[Result "1/2-1/2"]
[WhiteElo "2560"]
[BlackElo "2595"]

1.Nf3 Nf6 2.d4 c5 3.c4 e6 4.e3 d5 5.a3 Nc6 6.dxc5 Bxc5 7.b4 Be7 8.Bb2 O-O
9.Nc3 dxc4 10.Bxc4 a6 11.O-O b5 12.Be2 Bb7 13.Rc1 Rc8 14.Qxd8 Rfxd8 15.Rc2 Nd7
16.Rfc1 Nb6 17.Nd1 Na4 18.Ba1 f6 19.Kf1 Kf7 20.Nd2  1/2-1/2

[Event "Munich"]
[Site "Munich"]
[Date "1979.??.??"]
[Round "?"]
[White "Andersson, Ulf"]
[Black "Dankert, Peter"]
[Result "1/2-1/2"]
[WhiteElo "2560"]
[BlackElo "2360"]

1.Nf3 d5 2.d4 e6 3.c4 Nf6 4.Nc3 c5 5.cxd5 exd5 6.g3 Nc6 7.Bg2 Be7 8.O-O O-O
9.Bg5 h6 10.Bxf6 Bxf6 11.dxc5 Be6 12.Rc1 Qa5 13.a3 Qxc5 14.Ne4 Qe7 15.Nxf6+ Qxf6
16.Qd2 Rad8 17.Rfd1 Rfe8 18.Nd4 Bg4 19.f3 Bd7 20.Bf1 Re5 21.Nxc6 Bxc6 22.Qd4 Rde8
23.f4 R5e6 24.Qxf6 Rxf6 25.Kf2 Rfe6 26.Rc5 g5 27.Rd4 f6 28.Rc2 Re4 29.Rcd2 Rxd4
30.Rxd4 Kf7 31.h4 Ke6 32.Bg2 gxh4 33.gxh4 Rg8 34.b4 a6 35.Bh3+ Ke7 36.Rd3 Rd8
37.Re3+ Kf7 38.Be6+ Kf8 39.Rg3 Ke7 40.f5 Kd6 41.Rg6 Ke5 42.Rxh6 d4 43.Bc4 Be4
44.Rh7 b5 45.Re7+ Kxf5 46.Bd3 Bxd3 47.exd3 Rc8 48.Re4 Rc3 49.Rxd4 Rxa3 50.Ke3 Ra4  1/2-1/2

[Event "Munich"]
[Site "Munich"]
[Date "1979.??.??"]
[Round "?"]
[White "Lau, Ralf"]
[Black "Andersson, Ulf"]
[Result "1/2-1/2"]
[WhiteElo "2440"]
[BlackElo "2560"]

1.e4 c5 2.Nf3 e6 3.d4 cxd4 4.Nxd4 a6 5.Nc3 Qc7 6.Be2 Nf6 7.O-O Bb4 8.Qd3 Nc6
9.Nxc6 bxc6 10.f4 d5 11.e5 Nd7 12.Na4 a5 13.c4 Ba6 14.Qc2 Qa7+ 15.Kh1 O-O
16.Rf3 Rfd8 17.Be3 d4 18.Bf2 Be7 19.Bd3 g6 20.Rh3 c5 21.Re1 Rab8 22.b3 Bb7
23.Nb2 Bc6 24.Be4 Qb7 25.Bxc6 Qxc6 26.Re2 Ra8 27.Be1 Nb6 28.a4 Nd7 29.Nd3 Rf8
30.Bd2 Bd8 31.Qd1 Bc7 32.Qe1 f6 33.exf6 Rxf6 34.Qh4 Rf7 35.Kg1 Rb8 36.Nf2 Nf6
37.Rd3 Re8 38.Qg5 Nh5 39.g3 e5 40.fxe5 Rf5 41.Qg4 Rfxe5 42.Rxe5 Rxe5 43.Qf3 Re6
44.Qxc6 Rxc6 45.Rf3 Nf6 46.Bh6 Nd7 47.Nd3 Bd6 48.Bd2 Rb6 49.Nc1 Ra6 50.Rf2 Kg7
51.Kg2 Ne5 52.Bg5 Nf7 53.Bd2 Ne5 54.Bg5 Nd7 55.Bd2 Bc7 56.Nd3 Re6 57.Rf1 Re2+
58.Rf2 Re8 59.Rf1 Rb8 60.Nc1  1/2-1/2

[Event "Munich"]
[Site "Munich"]
[Date "1979.??.??"]
[Round "?"]
[White "Pachman, Ludek"]
[Black "Andersson, Ulf"]
[Result "1/2-1/2"]
[WhiteElo "2510"]
[BlackElo "2560"]

1.Nf3 c5 2.c4 Nf6 3.d4 cxd4 4.Nxd4 e6 5.e3 Nc6 6.Be2 b6 7.Nxc6 dxc6 8.Qxd8+ Kxd8
9.Nc3 Kc7 10.b3 Bb4 11.Bd2 Ba3 12.Bf3 Bb7 13.Bc1 Bxc1 14.Rxc1 Nd7 15.Ke2 f5
16.Rhd1 Rad8 17.Ke1 Nc5 18.Be2 a5  1/2-1/2

[Event "Munich"]
[Site "Munich"]
[Date "1979.??.??"]
[Round "?"]
[White "Olafsson, Fridrik"]
[Black "Andersson, Ulf"]
[Result "1/2-1/2"]
[WhiteElo "2555"]
[BlackElo "2560"]

1.d4 Nf6 2.c4 e6 3.g3 Bb4+ 4.Bd2 Bxd2+ 5.Qxd2 d5 6.Bg2 O-O 7.Nf3 c6 8.Nc3 b6
9.Ne5 Ba6 10.b4 Bxc4 11.Nxc4 dxc4 12.b5 Nd5  1/2-1/2

[Event "Munich"]
[Site "Munich"]
[Date "1979.??.??"]
[Round "?"]
[White "Andersson, Ulf"]
[Black "Spassky, Boris V"]
[Result "1/2-1/2"]
[WhiteElo "2560"]
[BlackElo "2640"]

1.Nf3 Nf6 2.c4 g6 3.Nc3 Bg7 4.e4 d6 5.d4 O-O 6.Be2 c5 7.O-O Bg4 8.d5 Nbd7
9.Be3 Qb6 10.Rb1 Rfe8 11.Nd2 Bxe2 12.Qxe2 Qa5 13.a3 a6 14.b4 Qc7 15.Rfc1 e6
16.dxe6 fxe6 17.bxc5  1/2-1/2

[Event "Munich"]
[Site "Munich"]
[Date "1979.??.??"]
[Round "?"]
[White "Andersson, Ulf"]
[Black "Sigurjonsson, Gudmundur"]
[Result "1-0"]
[WhiteElo "2560"]
[BlackElo "2490"]

1.Nf3 Nf6 2.c4 g6 3.Nc3 Bg7 4.e4 d6 5.d4 O-O 6.Be2 e5 7.dxe5 dxe5 8.Qxd8 Rxd8
9.Bg5 Re8 10.Nd5 Nxd5 11.cxd5 c6 12.Bc4 cxd5 13.Bxd5 Nd7 14.Nd2 Bf8 15.Rc1 h6
16.Be3 Nf6 17.Bb3 Ng4 18.Bc5 Be6 19.Bxe6 Rxe6 20.Ke2 Rd8 21.Bxf8 Kxf8 22.Nb1 Nf6
23.f3 Red6 24.Rc7 R8d7 25.Rhc1 Ke7 26.R1c5 Ke6 27.Rxd7 Nxd7 28.Rc8 Rb6 29.b3 Nf6
30.Nc3 Rc6 31.Rxc6+ bxc6 32.Kd3 Nd7 33.Kc4 Kd6 34.Nd1 f5 35.exf5 gxf5 36.Ne3 Nb6+
37.Kd3 Ke6 38.g4 fxg4 39.fxg4 Kf6 40.h4 Nc8 41.a4 Ne7 42.Ke4 a6 43.b4 Ng6
44.Nf5 Nf4 45.Nxh6 Nd5 46.g5+ Ke6 47.Ng4 Nc3+ 48.Kf3 Nxa4 49.h5 e4+ 50.Kf4  1-0

[Event "Sao Paulo"]
[Site "Sao Paulo"]
[Date "1979.??.??"]
[Round "?"]
[White "Andersson, Ulf"]
[Black "Stean, Michael"]
[Result "1-0"]
[WhiteElo "2560"]
[BlackElo "2540"]

1.c4 Nf6 2.Nf3 c5 3.g3 d5 4.cxd5 Nxd5 5.Bg2 Nc6 6.d4 cxd4 7.Nxd4 Ndb4 8.Nxc6 Qxd1+
9.Kxd1 Nxc6 10.Bxc6+ bxc6 11.Nc3 e5 12.Be3 h5 13.h4 Bb4 14.Kd2 Ke7 15.Rhc1 Rd8+
16.Ke1 Be6 17.a3 Bxc3+ 18.Rxc3 Bd5 19.b4 Rdb8 20.Bd2 Ke6 21.Rc5 Rb5 22.Rcc1 f6
23.a4 Rb7 24.Rc5 Rg8 25.f3 f5 26.Kf2 Rd8 27.Bc3 e4 28.Rd1 Rdd7 29.Ke3 g6
30.f4 Rd6 31.Rb1 Rdd7 32.Bd4 Kf7 33.Rb2 Ke6 34.Kd2 Kf7 35.Kc3 Ke6 36.Ra5 Kf7
37.Ra6 Re7 38.Bc5 Red7 39.Rd2 Rbc7 40.Be3 Rb7 41.Bc5 Rbc7 42.Rc2 Rb7 43.Kb2 Rdc7
44.Ka3 Rd7 45.e3 Rdc7 46.Bd4 Rd7 47.Rc5 Rbc7 48.Kb2 Rb7 49.Kc3 Rb6 50.Rca5 Rxa6
51.Rxa6 Ba2 52.Rxc6  1-0